|
|
|
|
| LEADER |
00000nam a2200000 a 4500 |
| 005 |
20111028120319.0 |
| 008 |
060914s2006 sp 000 0 spa d |
| 017 |
|
|
|a D.L.AB238-06
|
| 020 |
|
|
|a 84-86977-94-0
|
| 035 |
|
|
|a 5936
|
| 040 |
|
|
|a BUS
|d vLex
|
| 080 |
|
|
|a 349.2:331.106(460)
|
| 090 |
|
|
|c 2723
|d 2723
|
| 100 |
1 |
|
|a Lp̤ez Ganda̕, Juan
|
| 245 |
1 |
4 |
|a Los trabajadores al servicio del hogar familiar
|h [Recurso electrn̤ico] :
|b aspectos laborales y de seguridad social : propuestas de reforma /
|c Juan Lp̤ez Ganda̕, Daniel Toscani Gimňez.
|
| 256 |
|
|
|a Servicio en ln̕ea.
|
| 260 |
|
|
|a Albacete :
|b Bomarzo,
|c 2006.
|
| 300 |
|
|
|a 1 recurso electrn̤ico
|
| 506 |
1 |
|
|a Contenido solo disponible en los productos indicados
|d vLex Global
|d vLex Global (Academic Edition, excluding Law Schools)
|d vLex Global (U.S. Academic Edition, Law Schools)
|d vLex Global (U.S. Academic Edition, excluding Law Schools)
|d vLex Global (Academic Edition, Law Schools)
|
| 650 |
0 |
4 |
|a Empleados del hogar
|x Derecho
|z Espaą.
|
| 650 |
0 |
4 |
|a Contrato de trabajo
|z Espaą.
|
| 700 |
1 |
|
|a Toscani Gimňez, Daniel,
|e coaut.
|
| 740 |
0 |
|
|a vLex Libros (Servicio en ln̕ea)
|
| 856 |
4 |
0 |
|u http://vlex.com/source/trabajadores-servicio-hogar-familiar-aspectos-laborales-seguridad-social-propuestas-reforma-5936
|z Acceso restringido
|
| 942 |
|
|
|c BOOK
|